| 000 | 01073nam0a22002771 4500 | ||
|---|---|---|---|
| 001 | rc\3300615 | ||
| 005 | 20130115145758.1 | ||
| 035 | _a(NLR Aleph) 007543074 | ||
| 090 |
_a9773678 _c9773678 |
||
| 100 | _a20130115d1973 |||y0rusy50 ca | ||
| 101 | 1 |
_arus _carm |
|
| 102 | _aRU | ||
| 105 | _ay z |||a| | ||
| 200 | 1 |
_aСаят-Нова _eРоман _fАвториз. пер. с арм. Тамары Асоянц и Алексея Смольникова |
|
| 210 |
_aМосква _cСов. писатель _d1973 |
||
| 215 |
_a534 с. _d22 |
||
| 300 | _aПеред загл. авт.: Зарзанд Дарян; в вып. дан. - Мовсесян, Зарзанд Мовсесович | ||
| 700 | 1 |
_6z01790 _aДарян _bЗ. _f1912- _gЗарзанд |
|
| 702 | 1 |
_aАсоянц _bТ. _gТамара _4730 |
|
| 702 | 1 |
_aСмольников _bА. _gАлексей _4730 |
|
| 790 | 1 |
_6z01700 _aМовсесян _bЗ. М. _f1912- _gЗарзанд Мовсесович |
|
| 801 | 0 |
_aRU _bNLR _gpsbo |
|
| 801 | 1 |
_aRU _bELAR _2rusmarc |
|
| 852 |
_aNLR _j73-5/4485 |
||
| 942 | _cBOOK | ||
| 980 | _aNB | ||